000 01090cam a2200193 4500
008 020108n2002 000 0 eng u
035 _a(Sirsi) u116179
245 _aPace boost for projects
260 _c2002
490 _aPlanning (for the Natural and Built Environment)
_v4 January 2002, 2(1)
520 _aGovernment has confirmed that schemes of national importance will be fast-tracked through the planning system and decided in principle by parliament. Forthcoming reforms will also give the secretary of state powers to decide whether controversial schemes should go ahead, and to veto parliamentary decisions. National policy statements will be written to cover particular types of projects, such as new airports. "Major Infrastructure Projects: Delivering a Fundamental Change" is available from the DTLR. T: +44 (0) 870 1226 236.
590 _aWB
650 _aPLANNING DECISIONS
650 _aPLANNING REFORM
650 _aNATIONAL POLICY GUIDELINE
650 _aPLANNING LAW
690 _aENVIRONMENTAL AND LAND CONSULTANCY-PLANNING AND DEVELOPMENT
942 _n0
999 _c69206
_d69206